[Event "Santo Domingo op"]
[Site "Santo Domingo"]
[Date "2017.04.01"]
[Round "1"]
[White "Larancuent Acosta, Amado Alberto"]
[Black "Pena Ramirez, Ambiorix"]
[Result "0-1"]
[WhiteElo "1786"]
[BlackElo "2012"]
[PlyCount "62"]
[EventDate "2017.04.01"]
[EventType "swiss"]
[EventRounds "7"]
[EventCountry "DOM"]
[SourceTitle "CBM 177 Extra"]
[Source "ChessBase"]
[SourceDate "2017.04.27"]
[SourceVersion "1"]
[SourceVersionDate "2017.04.27"]
[SourceQuality "1"]

1. e4 d5 2. e5 c5 3. Nc3 d4 4. Nb5 Nc6 5. f4 Nh6 6. Na3 Bg4 7. Nf3 e6 8. Be2 Be7 9. 0-0 a6 10. Qe1 Nf5 11. Bd3 Nb4 12. Be4 Nd5 13. Bxf5 Bxf5 14. d3 0-0 15. Nc4 b5 16. Na5 Nb4 17. Qd2 Qxa5 18. Ng5 Bxg5 19. fxg5 Qc7 20. Qe2 c4 21. a3 cxd3 22. Qd2 Nxc2 23. Rb1 Qxe5 24. Qf2 Ne3 25. Re1 d2 26. Bxd2 Bxb1 27. Rxb1 Qxg5 28. Re1 Rac8 29. Bb4 Rc2 30. Re2 Rfc8 31. Qf3 Rxe2 0-1

[Event "Santo Domingo Regional-ch"]
[Site "Santo Domingo"]
[Date "2016.03.12"]
[Round "3"]
[White "Larancuent Acosta, Amado Alberto"]
[Black "Jaquez, Juan Manuel"]
[Result "0-1"]
[WhiteElo "1790"]
[BlackElo "2172"]
[PlyCount "88"]
[EventDate "2016.03.11"]
[EventType "swiss"]
[EventRounds "7"]
[EventCountry "DOM"]
[SourceTitle "EXT 2017"]
[Source "ChessBase"]
[SourceDate "2016.10.25"]
[SourceVersion "1"]
[SourceVersionDate "2016.10.25"]
[SourceQuality "1"]

1. e4 e6 2. Nf3 d5 3. exd5 exd5 4. d4 Bd6 5. Bg5 f6 6. Bh4 Ne7 7. Bd3 Nbc6 8. Nbd2 Nb4 9. Be2 Bf5 10. 0-0 Bxc2 11. Qc1 Bg6 12. Qc3 0-0 13. Rfc1 Nbc6 14. a3 Kh8 15. b4 a6 16. Nb3 b6 17. Re1 Qd7 18. h3 Nf5 19. Rac1 Nce7 20. Bd3 Nxh4 21. Nxh4 Bxd3 22. Qxd3 g5 23. Nf3 Ng6 24. Nh2 Nf4 25. Qf3 c6 26. Re3 h5 27. g4 h4 28. Rce1 Rae8 29. Nc1 Re7 30. Nf1 Rfe8 31. Nd3 Kg7 32. Rxe7+ Rxe7 33. Rxe7+ Qxe7 34. Nxf4 Bxf4 35. Qd3 a5 36. bxa5 bxa5 37. f3 Qa7 38. Qc3 Be5 39. Qxc6 Qxd4+ 40. Kg2 Qb2+ 41. Kh1 Qf2 42. Qc1 Qxf3+ 43. Kg1 Bd4+ 44. Kh2 Qf2+ 0-1